[Event "St.Petersburg Summer Open"]
[Site "St Petersburg RUS"]
[Date "2016.08.20"]
[Round "4.10"]
[White "Borisovsky, Dmitry"]
[Black "Lagashin, Pavel"]
[Result "1-0"]
[WhiteElo "2298"]
[BlackElo "2186"]
[WhiteFideId "34109410"]
[BlackFideId "24132144"]
[EventDate "2016.08.17"]

1. e4 c5 2. Nf3 Nc6 3. d4 cxd4 4. Nxd4 e6 5. Nc3 Qc7 6. Be3 a6 7. Qf3 Nf6 8.
O-O-O Ne5 9. Qg3 b5 10. f4 Neg4 11. e5 Nxe3 12. Qxe3 b4 13. Ne4 Nxe4 14. Qxe4
Bb7 15. Qe3 Bd5 16. Kb1 Bc5 17. Bd3 Qa5 18. b3 Qb6 19. Be4 Bxe4 20. Qxe4 O-O 21.
Nf3 d5 22. exd6 Bxd6 23. Ng5 g6 24. h4 Rac8 25. h5 Qc6 26. hxg6 Qxe4 27. Nxe4
Bc7 28. Rxh7 fxg6 29. Rdh1 e5 30. Rh8+ Kf7 31. R1h7+ Ke6 32. Rxf8 Rxf8 33. Rxc7
Rxf4 34. Nc5+ Kd6 35. Nxa6 e4 36. Rc4 Rf1+ 37. Kb2 Ke5 38. Nxb4 Rg1 39. a4 Rxg2
40. a5 Rh2 41. a6 Rh8 42. a7 Ra8 43. Nc6+ Kf4 44. b4 1-0

[Event "St.Petersburg Summer Open"]
[Site "St Petersburg RUS"]
[Date "2016.08.20"]
[Round "4.11"]
[White "Vlasenko, Miroslav"]
[Black "Markelova, Lubov"]
[Result "1/2-1/2"]
[WhiteTitle "IM"]
[BlackTitle "WFM"]
[WhiteElo "2423"]
[BlackElo "2108"]
[WhiteFideId "4151887"]
[BlackFideId "24131369"]
[EventDate "2016.08.17"]

1. d4 d5 2. Bf4 Nf6 3. e3 c5 4. Nc3 a6 5. dxc5 Nc6 6. a3 g6 7. Na4 Bg7 8. Ne2
O-O 9. c3 e5 10. Bg5 Be6 11. Nb6 Rb8 12. g3 d4 13. Bg2 h6 14. Bxf6 Qxf6 15. e4
Qe7 16. b4 f5 17. Qd3 Rfd8 18. c4 Qf7 19. O-O f4 20. f3 h5 21. Nd5 g5 22. Kf2
fxg3+ 23. hxg3 g4 24. Ke1 gxf3 25. Rxf3 Qg6 26. Kd2 Qg5+ 27. Kc2 Bg4 28. b5 axb5
29. cxb5 Bxf3 30. Bxf3 Rxd5 31. exd5 e4 32. Bxe4 Ne5 33. Qd2 d3+ 34. Bxd3 Qxd2+
35. Kxd2 Nf3+ 36. Ke3 Bxa1 37. c6 bxc6 38. dxc6 Ne5 39. Nf4 Re8 40. c7 Nc4+ 41.
Kf3 Nb6 42. Nd5 Bd4 43. Bg6 Rf8+ 44. Ke4 Bc5 45. Bxh5 Rc8 46. Bg4 Nxd5 47. Bxc8
Nxc7 48. a4 Kf7 49. g4 Kf6 50. Kd3 Ke5 51. Bd7 Bb6 52. Kc4 Nd5 53. Bc6 Ne3+ 54.
Kb4 Nc2+ 55. Kb3 Ne3 56. Bd7 Kd6 57. Bc8 Kc7 58. Bf5 Ba5 59. Kb2 Kd6 60. Ka3 Kc7
61. Kb3 Kd6 62. Bc8 1/2-1/2

[Event "St.Petersburg Summer Open"]
[Site "St Petersburg RUS"]
[Date "2016.08.20"]
[Round "4.12"]
[White "Hurtado, Felipe"]
[Black "Apryshko, Gleb"]
[Result "0-1"]
[BlackTitle "FM"]
[WhiteElo "2132"]
[BlackElo "2335"]
[WhiteFideId "4405480"]
[BlackFideId "24131792"]
[EventDate "2016.08.17"]

1. e4 g6 2. Nf3 d6 3. Bc4 Bg7 4. c3 a6 5. Qe2 e6 6. h4 h6 7. d3 b5 8. Bb3 Nd7 9.
Be3 Ngf6 10. Nbd2 Bb7 11. Rh3 c5 12. Bf4 e5 13. Bh2 Nb6 14. O-O-O Bc8 15. Ng1
Bxh3 16. Nxh3 Qd7 17. f3 O-O 18. g4 a5 19. Qg2 a4 20. Bc2 Qe6 21. g5 Nh5 22. Kb1
d5 23. gxh6 Bxh6 24. Ng5 Qe7 25. Rg1 d4 26. cxd4 cxd4 27. f4 Nxf4 28. Bxf4 exf4
29. Ndf3 Nd7 30. Nxd4 Ne5 31. Ndf3 b4 32. d4 Nxf3 33. Qxf3 b3 34. axb3 axb3 35.
Bxb3 Qa7 36. Nh3 Rfc8 37. Rxg6+ Kf8 0-1

[Event "St.Petersburg Summer Open"]
[Site "St Petersburg RUS"]
[Date "2016.08.20"]
[Round "4.13"]
[White "Dilmukhametov, Artur"]
[Black "Tretyakov, Stepan"]
[Result "1-0"]
[WhiteElo "2333"]
[BlackElo "2122"]
[WhiteFideId "24179922"]
[BlackFideId "24198820"]
[EventDate "2016.08.17"]

1. b3 Nf6 2. Bb2 g6 3. e4 d6 4. g3 Bg7 5. Bg2 O-O 6. Ne2 e5 7. O-O Nc6 8. h3 Nh5
9. d4 f5 10. exf5 gxf5 11. dxe5 dxe5 12. Nd2 Be6 13. c4 Qd7 14. Nf3 Qxd1 15.
Raxd1 h6 16. Rfe1 Kf7 17. Nh4 Bf6 18. Nxf5 Bxf5 19. g4 Be6 20. gxh5 Rad8 21. Ng3
Nd4 22. Ne4 Be7 23. c5 b6 24. Rc1 b5 25. Kh2 Bd5 26. f4 Rg8 27. fxe5 Ne6 28. Rc2
Bh4 29. Nd6+ cxd6 30. Rf1+ Kg7 31. Bxd5 Rge8 32. exd6+ Kg8 33. Rg2+ 1-0

[Event "St.Petersburg Summer Open"]
[Site "St Petersburg RUS"]
[Date "2016.08.20"]
[Round "4.14"]
[White "Lesovoi, Evgenij"]
[Black "Kamnev, Alexander"]
[Result "1-0"]
[WhiteElo "2295"]
[BlackElo "2101"]
[WhiteFideId "24164135"]
[BlackFideId "24176753"]
[EventDate "2016.08.17"]

1. c4 e6 2. g3 Nf6 3. Bg2 d5 4. d3 Be7 5. Nd2 O-O 6. Ngf3 b6 7. O-O Bb7 8. Ne1
c5 9. Nc2 Qc7 10. e4 dxe4 11. dxe4 Rd8 12. Qe2 h6 13. Nb3 a5 14. a4 Na6 15. Na3
Bc6 16. Nb5 Qb7 17. f3 Nb4 18. Bd2 Nd7 19. Bc3 Nb8 20. Rad1 N8a6 21. f4 Bf8 22.
h4 Qe7 23. Be5 Rxd1 24. Rxd1 Rd8 25. Bd6 Qd7 26. e5 Bxg2 27. Kxg2 Qc6+ 28. Kh2
Bxd6 29. exd6 Nb8 30. Nd2 Nd7 31. Nf3 Qb7 32. g4 Nc6 33. g5 hxg5 34. hxg5 Na7
35. g6 Nf8 36. gxf7+ Qxf7 37. Nxa7 Qxa7 38. Ne5 Qb7 39. Qh5 Qe4 40. Qf7+ Kh8 41.
Rh1 1-0

[Event "St.Petersburg Summer Open"]
[Site "St Petersburg RUS"]
[Date "2016.08.20"]
[Round "4.15"]
[White "Bazeev, German"]
[Black "Filyanin, Daniil"]
[Result "1-0"]
[WhiteElo "2288"]
[BlackElo "2098"]
[WhiteFideId "24119350"]
[BlackFideId "24177300"]
[EventDate "2016.08.17"]

1. d4 d5 2. Nf3 Nf6 3. c4 c6 4. e3 e6 5. Nc3 a6 6. Bd3 b5 7. b3 Bb4 8. Bd2 O-O
9. O-O Nbd7 10. Nxd5 Bxd2 11. Nxf6+ Qxf6 12. Qxd2 bxc4 13. bxc4 c5 14. d5 exd5
15. cxd5 Nb6 16. e4 Bg4 17. e5 Qd8 18. Qf4 Bh5 19. d6 Bxf3 20. Qxf3 c4 21. Be4
Rc8 22. Rac1 Rc5 23. Qh3 g6 24. f4 f6 25. Qa3 Rb5 26. e6 Re8 27. f5 gxf5 28.
Bxf5 Rxf5 29. Rxf5 Rxe6 30. Qg3+ Kh8 31. Rd1 Na4 32. d7 c3 33. Rf2 Nc5 34. Qxc3
Nxd7 35. Qd4 Re7 36. Rxf6 Rg7 37. Rf7 1-0

[Event "St.Petersburg Summer Open"]
[Site "St Petersburg RUS"]
[Date "2016.08.20"]
[Round "4.16"]
[White "Svidinsky, Dmitry"]
[Black "Emdin, Mark"]
[Result "1/2-1/2"]
[WhiteElo "2122"]
[BlackElo "2247"]
[WhiteFideId "24120251"]
[BlackFideId "4100050"]
[EventDate "2016.08.17"]

1. d4 d6 2. e4 Nf6 3. Nc3 e5 4. dxe5 dxe5 5. Qxd8+ Kxd8 6. Bg5 Be6 7. O-O-O+ Kc8
8. f4 exf4 9. e5 h6 10. Bxf4 Ng4 11. Ne4 Nd7 12. Nf3 g5 13. h3 gxf4 14. hxg4 Bg7
15. g5 Kd8 16. gxh6 Bxh6 17. Nc5 Ke7 18. Nxb7 Bg7 19. Rxh8 Rxh8 20. Na5 Nxe5 21.
Nxe5 Bxe5 22. Nc6+ Kf6 23. Nxe5 Kxe5 24. Be2 c5 1/2-1/2

[Event "St.Petersburg Summer Open"]
[Site "St Petersburg RUS"]
[Date "2016.08.20"]
[Round "4.17"]
[White "Ustinov, Alexey"]
[Black "Artamonov, Valery"]
[Result "0-1"]
[WhiteElo "2117"]
[BlackElo "2240"]
[WhiteFideId "24126209"]
[BlackFideId "24100480"]
[EventDate "2016.08.17"]

1. d4 Nf6 2. Nf3 c5 3. c3 b6 4. Bf4 Bb7 5. e3 g6 6. h3 Bg7 7. Be2 O-O 8. O-O d6
9. a4 a6 10. Bh2 Nbd7 11. Nbd2 Ra7 12. b4 Qa8 13. Qb3 Ne4 14. Nxe4 Bxe4 15. Rfd1
cxd4 16. cxd4 Rc7 17. Ne1 Rfc8 18. Bg4 Rc3 19. Qa2 Qb7 20. Qd2 h5 21. Be2 Nf6
22. Rdc1 Nd5 23. Rxc3 Rxc3 24. Kh1 Bh6 25. Bg1 Qc8 26. f3 Bf5 27. g4 hxg4 28.
hxg4 Bd7 29. Nd3 Rc2 30. Qe1 Bxe3 31. Bxe3 Nxe3 32. Nf4 e5 33. dxe5 dxe5 34. Nd3
Bxg4 0-1

[Event "St.Petersburg Summer Open"]
[Site "St Petersburg RUS"]
[Date "2016.08.20"]
[Round "4.18"]
[White "Nikitinyh, Boris"]
[Black "Turikov, Viktor"]
[Result "0-1"]
[BlackTitle "FM"]
[WhiteElo "2099"]
[BlackElo "2209"]
[WhiteFideId "4198328"]
[BlackFideId "4107810"]
[EventDate "2016.08.17"]

1. e4 e5 2. Nf3 Bd6 3. Nc3 Nf6 4. Bc4 O-O 5. d3 Nc6 6. Bg5 h6 7. Bh4 Be7 8. Bg3
d6 9. Qe2 Bg4 10. Qe3 a6 11. a3 b5 12. Ba2 Rb8 13. Nd5 Nxd5 14. Bxd5 Qd7 15. c3
Bf6 16. Bh4 Bd8 17. Bxd8 Nxd8 18. Bb3 Ne6 19. O-O Nf4 20. d4 Be6 21. Bxe6 Qxe6
22. dxe5 dxe5 23. g3 Nh3+ 24. Kg2 f5 25. exf5 Rxf5 26. Nd2 Rbf8 27. f3 Rh5 28.
Ne4 Nf4+ 29. gxf4 Qh3+ 30. Kf2 exf4 31. Qe2 Qxh2+ 32. Ke1 Qh4+ 33. Kd2 Qe7 34.
Kc2 a5 35. Rae1 Kh8 36. Nd2 Qc5 37. Qe7 b4 38. Qxc5 Rxc5 39. axb4 axb4 40. c4
Kh7 41. Re7 c6 42. Rg1 Rg5 43. Rxg5 hxg5 44. Ne4 Rf5 45. Nf2 Ra5 46. Re1 Ra8 47.
Kb3 Rd8 48. Ne4 Kg6 49. Kxb4 Rd3 50. Rf1 Kf5 51. Nc5 Re3 52. Nb3 g4 53. Nd4+ Kg5
54. fxg4 Kxg4 55. Nxc6 g5 56. Nd4 Rd3 57. Ne6 Kf5 58. Nc5 Rd8 59. Kc3 g4 60. Nd3
f3 61. b4 Rg8 62. b5 Ke4 63. Re1+ Kf5 64. Re3 Kg5 65. b6 Kh4 66. c5 g3 67. Rxf3
g2 68. Rf4+ Kg3 69. b7 g1=Q 70. Rb4 Qa1+ 71. Kc4 Qa6+ 72. Kc3 Rb8 73. Rb6 Qa3+
74. Rb3 Qa5+ 75. Kd4 Qa4+ 76. Rb4 Qd7+ 77. Kc4 Rxb7 78. Rxb7 Qxb7 79. Nb4 Kf3
80. Nc2 Ke4 81. Nb4 Ke5 82. Nd3+ Kf5 83. Nb4 Ke4 84. Nc2 Qd5+ 85. Kb4 Qd2+ 0-1

[Event "St.Petersburg Summer Open"]
[Site "St Petersburg RUS"]
[Date "2016.08.20"]
[Round "4.19"]
[White "Pyatin, Alexander"]
[Black "Brugo, Marco"]
[Result "1/2-1/2"]
[WhiteElo "2204"]
[BlackElo "2053"]
[WhiteFideId "24125920"]
[BlackFideId "806609"]
[EventDate "2016.08.17"]

1. e4 e6 2. d3 d5 3. Nd2 c5 4. Ngf3 Nc6 5. g3 Bd6 6. Bg2 Nge7 7. O-O O-O 8. Re1
Qc7 9. c3 Bd7 10. Qe2 f6 11. Nf1 d4 12. N3d2 e5 13. Nc4 b5 14. Nxd6 Qxd6 15. f4
Be6 16. f5 Bf7 17. Rd1 Rfd8 18. Qf2 Rd7 19. g4 Rad8 20. Ng3 dxc3 21. bxc3 c4 22.
Bf1 b4 23. Be3 bxc3 24. dxc4 Nd4 25. Ne2 Qb4 26. Rdc1 Bxc4 1/2-1/2

[Event "St.Petersburg Summer Open"]
[Site "St Petersburg RUS"]
[Date "2016.08.20"]
[Round "4.20"]
[White "Kolomensky, Vladimir"]
[Black "Korobitsyn, Daniil"]
[Result "1-0"]
[WhiteTitle "FM"]
[WhiteElo "2196"]
[BlackElo "2021"]
[WhiteFideId "4123565"]
[BlackFideId "24120472"]
[EventDate "2016.08.17"]

1. e4 e6 2. d4 d5 3. Nd2 Nf6 4. e5 Nfd7 5. Bd3 c5 6. c3 Nc6 7. Ne2 cxd4 8. cxd4
f6 9. exf6 Qxf6 10. Nf3 h6 11. O-O Bd6 12. Be3 O-O 13. Bc2 Rf7 14. Qd3 Nf8 15.
Nc3 Nb4 16. Qd2 Nxc2 17. Qxc2 Bd7 18. Rac1 Be8 19. Qd2 Ng6 20. Rfe1 b5 21. Ne2
b4 22. Rc2 b3 23. axb3 Rb7 24. Ra1 Rxb3 25. Nc1 Rb7 26. Nd3 Rab8 27. Ra6 Qe7 28.
Nc5 Rb6 29. Rxb6 axb6 30. Nd3 Qf6 31. Rc1 Bd7 32. Nfe5 Rb7 33. Nxg6 Qxg6 34. Bf4
Bb5 35. Ne5 Bxe5 36. Bxe5 Rf7 37. h3 Kh7 38. Rc3 Qf5 39. Rb3 Bc4 40. Rxb6 Ra7
41. Kh2 Rf7 42. f3 Qb1 43. Qf2 Bd3 44. Qd2 Qf1 45. Rb8 Be2 46. Rb3 Bc4 47. Rc3
Qb1 48. f4 Rb7 49. Rg3 g6 50. f5 exf5 51. Qa5 f4 52. Bxf4 Qf5 53. Be5 Qc8 54.
Rf3 Qe8 55. b3 Be2 56. Rf2 Bb5 57. Qb4 Bc6 58. Qd6 Kg8 59. Rf6 Kh7 60. Rf8 Rd7
61. Qf6 1-0

[Event "St.Petersburg Summer Open"]
[Site "St Petersburg RUS"]
[Date "2016.08.20"]
[Round "4.21"]
[White "Babanin, Gleb"]
[Black "Pogosian, Vladimir"]
[Result "0-1"]
[WhiteElo "2082"]
[BlackElo "2178"]
[WhiteFideId "34152536"]
[BlackFideId "13301586"]
[EventDate "2016.08.17"]

1. e4 e5 2. Nf3 d6 3. d4 Nd7 4. Nc3 Ngf6 5. Bc4 Be7 6. O-O O-O 7. Re1 c6 8. a4
b6 9. h3 a6 10. Bg5 Qc7 11. Nh4 exd4 12. Qxd4 Ne5 13. Nf5 Bxf5 14. exf5 Nxc4 15.
Qxc4 d5 16. Rxe7 Qxe7 17. Qxc6 Rfc8 18. Qxb6 Qe5 19. Bxf6 gxf6 20. Rd1 Rd8 21.
Qc6 Rac8 22. Qxa6 d4 23. Qb6 Rd6 24. Qb4 Rdd8 25. Nb5 Rxc2 26. Nxd4 Qf4 27. f3
Qg3 0-1

[Event "St.Petersburg Summer Open"]
[Site "St Petersburg RUS"]
[Date "2016.08.20"]
[Round "4.22"]
[White "Kozyrin, Aleksandr"]
[Black "Khadzhiev, Valery"]
[Result "0-1"]
[WhiteElo "2058"]
[BlackElo "2174"]
[WhiteFideId "34147800"]
[BlackFideId "34154601"]
[EventDate "2016.08.17"]

1. c4 Nf6 2. Nc3 e6 3. e4 d5 4. e5 Ng8 5. d4 a6 6. Be3 Ne7 7. Nf3 Nf5 8. Bd3
Nxe3 9. fxe3 dxc4 10. Bxc4 Be7 11. O-O Nd7 12. Ne4 Nb6 13. Bb3 Bd7 14. Rc1 Bc6
15. Nc3 O-O 16. Qd3 Nd5 17. a3 Nxc3 18. Rxc3 Bb5 19. Bc4 Bxc4 20. Qxc4 c6 21.
Rb3 Qd7 22. Rc1 Rac8 23. Qa4 Rc7 24. Rbc3 Qd5 25. b4 Qb5 26. Qxb5 axb5 27. e4
Rd7 28. h4 Bd8 29. Rd1 Bb6 30. Kf2 Rfd8 31. Ke3 f6 32. Rcd3 Kf7 33. Ke2 Ke7 34.
Ke3 Ke8 35. g4 Ke7 36. g5 f5 37. exf5 exf5 38. h5 Ke6 39. Ng1 Rd5 40. Nf3 R8d7
41. R1d2 Ba7 42. Rd1 b6 43. Ng1 c5 44. Ne2 Ke7 45. Kf4 Bb8 46. Kxf5 cxd4 47.
Nxd4 Ke8 48. Ke4 Rxe5+ 49. Kf4 Red5+ 50. Ke4 Re5+ 51. Kf4 Rdd5 52. Nc6 Re1+ 53.
Nxb8 Rxd1 54. Re3+ Kf8 55. Nc6 R1d3 56. Re6 Rd6 57. Rxd6 Rxd6 58. Na7 Rd5 59.
Nc8 Rd3 60. Nxb6 Rxa3 61. h6 gxh6 62. gxh6 Rh3 63. Kg5 Rd3 64. Kf5 Rd6 65. Nc8
Rxh6 66. Ke5 Rh4 67. Nd6 Rxb4 68. Kd5 Rb1 69. Kc5 h5 70. Ne4 h4 71. Nc3 Rc1 0-1

[Event "St.Petersburg Summer Open"]
[Site "St Petersburg RUS"]
[Date "2016.08.20"]
[Round "4.23"]
[White "Shinkevich, Maksim"]
[Black "Manin, Viktor"]
[Result "0-1"]
[WhiteElo "2052"]
[BlackElo "2159"]
[WhiteFideId "24176389"]
[BlackFideId "14201291"]
[EventDate "2016.08.17"]

1. d4 Nf6 2. c4 e6 3. Nf3 Bb4+ 4. Bd2 Bxd2+ 5. Qxd2 d5 6. Nc3 O-O 7. g3 dxc4 8.
Ne5 Nbd7 9. Nxc4 Qe7 10. Bg2 e5 11. O-O c6 12. Rad1 Re8 13. d5 cxd5 14. Nxd5
Nxd5 15. Qxd5 Nf6 16. Qd6 Bg4 17. Rfe1 e4 18. b3 Kf8 19. f3 Be6 20. Qxe7+ Rxe7
21. Nd6 Bd5 22. g4 Re6 23. Nb5 exf3 24. exf3 Rxe1+ 25. Rxe1 g6 26. h3 Rc8 27.
Re2 a6 28. Nd4 Rc1+ 29. Kf2 Rd1 30. Nc2 Bc6 31. Ne3 Rd7 32. Rc2 h5 33. Nc4 Re7
34. Nb6 h4 35. Rd2 g5 36. Rd8+ Kg7 37. Rd4 Re6 38. Na4 Nd5 39. Bf1 Rf6 40. Nc5
Nc3 41. Bg2 Nxa2 42. Rc4 Bd5 43. Rd4 Nc3 44. Rd3 Ne4+ 45. Ke3 Nxc5 46. Rxd5 Ne6
47. Bf1 Kh6 48. Rd6 Kg7 49. Rd7 Nc5 50. Rd5 Ne6 51. Rd7 b5 52. Rd5 Rh6 53. Bd3
Rh8 54. Rd6 Re8 55. Be4 Nf4 56. Rxa6 b4 57. Ra5 Nxh3 58. Rb5 Rh8 59. Rxb4 Nf4
60. Kf2 Rd8 61. Rb5 Rd2+ 62. Kg1 h3 63. Rxg5+ Kf8 64. Ra5 Rg2+ 65. Kf1 h2 66.
Rh5 Rg1+ 0-1

[Event "St.Petersburg Summer Open"]
[Site "St Petersburg RUS"]
[Date "2016.08.20"]
[Round "4.24"]
[White "Grigoryeva, Olga A."]
[Black "Kiseleva, Arina"]
[Result "1-0"]
[WhiteTitle "WFM"]
[BlackTitle "WCM"]
[WhiteElo "2156"]
[BlackElo "1999"]
[WhiteFideId "24132594"]
[BlackFideId "4164989"]
[EventDate "2016.08.17"]

1. c4 e6 2. Nc3 d5 3. d4 Nf6 4. cxd5 exd5 5. Bg5 c6 6. e3 Bf5 7. Qf3 Bg6 8. Bxf6
Qxf6 9. Qxf6 gxf6 10. Rc1 a5 11. h4 h5 12. Nh3 Bd6 13. Nxd5 Nd7 14. Nc3 a4 15.
a3 b5 16. d5 b4 17. axb4 Bxb4 18. dxc6 Nc5 19. Nf4 Nb3 20. Nd5 Nxc1 21. Nxb4 a3
22. bxa3 Rxa3 23. Nbd5 Ra1 24. c7 Kd7 25. Bb5+ Kd6 26. O-O Nb3 27. Rxa1 Nxa1 28.
e4 Bxe4 29. Nxe4+ Kxd5 30. Nxf6+ 1-0

[Event "St.Petersburg Summer Open"]
[Site "St Petersburg RUS"]
[Date "2016.08.20"]
[Round "4.25"]
[White "Dragun, Valentin"]
[Black "Zavgorodniaya, Alena"]
[Result "0-1"]
[WhiteElo "2151"]
[BlackElo "1937"]
[WhiteFideId "4502540"]
[BlackFideId "4169956"]
[EventDate "2016.08.17"]

1. e4 e5 2. d4 exd4 3. Qxd4 Nc6 4. Qe3 Nf6 5. Nc3 Bb4 6. Bd2 O-O 7. O-O-O Re8 8.
Qg3 Rxe4 9. a3 Ba5 10. f3 Re8 11. Nge2 Bb6 12. Kb1 Be3 13. Bxe3 Rxe3 14. Nf4
Rxc3 15. bxc3 Qf8 16. Bc4 b5 17. Bb3 a5 18. Rhe1 b4 19. cxb4 axb4 20. a4 Nd8 21.
Nd5 Nxd5 22. Rxd5 Ne6 23. f4 c6 24. Rd2 d5 25. f5 Nc5 26. f6 g6 27. Qc7 Bf5 28.
Kb2 Rc8 29. Qb6 Qd6 30. Rd4 Nd7 31. Qxb4 c5 32. Qb7 Rb8 33. Qxd5 Qxf6 34. g4
Bxg4 35. Re7 Qxd4+ 0-1

[Event "St.Petersburg Summer Open"]
[Site "St Petersburg RUS"]
[Date "2016.08.20"]
[Round "4.26"]
[White "Lapin, Nikita"]
[Black "Kuznetsov, Felix"]
[Result "0-1"]
[WhiteElo "1641"]
[BlackElo "2150"]
[WhiteFideId "34164887"]
[BlackFideId "34147990"]
[EventDate "2016.08.17"]

1. e4 c5 2. Nf3 Nc6 3. Bb5 d6 4. Bxc6+ bxc6 5. O-O e5 6. h3 Be7 7. c3 f5 8. Qa4
Qc7 9. d3 Nf6 10. Nbd2 O-O 11. Re1 h6 12. Nh4 f4 13. Ng6 Rf7 14. Nxe7+ Rxe7 15.
b4 cxb4 16. cxb4 a5 17. a3 Ba6 18. bxa5 Kh7 19. Nc4 Bxc4 20. Qxc4 Qxa5 21. Bb2
c5 22. Bc3 Qc7 23. Reb1 Qd7 24. Rb5 f3 25. Bd2 fxg2 26. Kxg2 Nh5 27. Rbb1 Re6
28. Rh1 Rf8 29. Rh2 Qf7 30. Be3 Qf3+ 31. Kf1 Ng3+ 32. Kg1 Rg6 33. Rg2 Ne2+ 34.
Kf1 Rxg2 35. Ke1 Rg1+ 36. Kd2 Rxa1 37. Qe6 Nd4 38. Kc3 Nxe6 39. Kc4 Nc7 0-1

[Event "St.Petersburg Summer Open"]
[Site "St Petersburg RUS"]
[Date "2016.08.20"]
[Round "4.27"]
[White "Azimov, Ilyas"]
[Black "Kuzmichev, Artem"]
[Result "1-0"]
[WhiteElo "2136"]
[BlackElo "1917"]
[WhiteFideId "24175226"]
[BlackFideId "34191850"]
[EventDate "2016.08.17"]

1. e4 e5 2. Nf3 Nc6 3. Bb5 a6 4. Ba4 Nf6 5. O-O Nxe4 6. Re1 Ng5 7. Bxc6 dxc6 8.
Nxe5 Be7 9. d4 Ne6 10. c3 O-O 11. b3 Re8 12. Na3 Bf6 13. f4 Qd5 14. Nc2 c5 15.
Ne3 Qd8 16. f5 cxd4 17. fxe6 Bxe5 18. Ng4 Bd6 19. exf7+ Kxf7 20. Nh6+ Kg6 21.
Qd3+ Kh5 22. Qf3+ Kh4 23. g3+ Bxg3 24. hxg3+ Kh3 25. Qg2# 1-0

[Event "St.Petersburg Summer Open"]
[Site "St Petersburg RUS"]
[Date "2016.08.20"]
[Round "4.28"]
[White "Shadrin, Anton"]
[Black "Afanasiev, Nikita"]
[Result "0-1"]
[BlackTitle "FM"]
[WhiteElo "2066"]
[BlackElo "2349"]
[WhiteFideId "4158881"]
[BlackFideId "24183555"]
[EventDate "2016.08.17"]

1. e4 d6 2. d4 g6 3. f4 Bg7 4. Nf3 c5 5. c3 cxd4 6. cxd4 Nf6 7. Nc3 O-O 8. Be2
Qb6 9. O-O Nc6 10. Kh1 Bg4 11. d5 Nb4 12. Ng5 Bxe2 13. Qxe2 Qa6 14. Qxa6 bxa6
15. Bd2 Rfc8 16. Rf3 Rc4 17. Re1 Rac8 18. Nh3 Ng4 19. Rc1 Rd4 20. Rd1 h6 21. a3
Nd3 22. Rb1 f5 23. exf5 gxf5 24. Be3 Nxe3 25. Rxe3 Bf6 26. g3 Nxb2 27. Rxb2 Rxc3
28. Rxc3 Rd1+ 29. Kg2 Bxc3 30. Rb7 Kf7 31. Rxa7 a5 32. Rc7 Rd2+ 33. Kf3 Bd4 34.
Rc4 Bc5 35. Ra4 Bb6 36. Rc4 Rxh2 37. Rc6 Rb2 38. a4 Bd4 39. Ra6 Bb6 40. Ra8 Rb3+
41. Kg2 Rd3 42. Ra6 Bd8 43. Ng1 Rd2+ 44. Kh3 Rxd5 45. Nf3 e6 46. Ra7+ Kg6 47.
Ra8 Bf6 48. Ra6 Rd3 49. Kg2 Bc3 50. Ra7 Re3 51. Rd7 Bb4 52. Nh4+ Kh5 53. Rg7
Re2+ 54. Kf3 Ra2 55. Ng6 Bc5 56. g4+ fxg4+ 0-1

[Event "St.Petersburg Summer Open"]
[Site "St Petersburg RUS"]
[Date "2016.08.20"]
[Round "4.29"]
[White "Kuzmin, Yuriy"]
[Black "Mestnikov, Aital"]
[Result "1-0"]
[WhiteElo "2275"]
[BlackElo "2040"]
[WhiteFideId "24122041"]
[BlackFideId "24175943"]
[EventDate "2016.08.17"]

1. d4 Nf6 2. Nf3 g6 3. g3 Bg7 4. c4 O-O 5. Bg2 c6 6. O-O d5 7. b3 Nbd7 8. cxd5
cxd5 9. Nc3 b6 10. Ne5 Bb7 11. Ba3 Re8 12. Rc1 Ne4 13. Nxe4 dxe4 14. Nc6 Bxc6
15. Rxc6 f5 16. Qc2 e6 17. e3 Nf6 18. Rc1 Nd5 19. Bf1 Bf8 20. Bxf8 Kxf8 21. a3
Qe7 22. Qb2 Red8 23. Ba6 Rd6 24. R6c2 Rad8 25. b4 Rb8 26. Bb5 Kf7 27. Qb3 Kf6
28. Qa4 Rb7 29. Bc6 Rc7 30. Qb5 Kg7 31. Qf1 Qd8 32. Ba4 Rxc2 33. Rxc2 a5 34. Qb5
Qa8 35. bxa5 bxa5 36. Qc5 Rb6 37. Rc1 Qb8 38. Qc4 Rb1 39. Bd7 1-0

[Event "St.Petersburg Summer Open"]
[Site "St Petersburg RUS"]
[Date "2016.08.20"]
[Round "4.30"]
[White "Bondarenko, Ivan"]
[Black "Egorov, Daniil"]
[Result "1-0"]
[WhiteElo "2224"]
[BlackElo "2030"]
[WhiteFideId "34152153"]
[BlackFideId "24171956"]
[EventDate "2016.08.17"]

1. d4 Nf6 2. c4 g6 3. Nc3 Bg7 4. e4 d6 5. f3 O-O 6. Be3 a6 7. Qd2 Nc6 8. Nge2
Rb8 9. h4 b5 10. h5 Na5 11. Nf4 Nxc4 12. Bxc4 bxc4 13. Nfd5 c6 14. Nxf6+ Bxf6
15. g4 Qa5 16. g5 Bg7 17. Qh2 Rd8 18. hxg6 hxg6 19. O-O-O Rd7 20. Qh7+ Kf8 21.
Qh8+ Bxh8 22. Rxh8+ Kg7 23. Rdh1 1-0

[Event "St.Petersburg Summer Open"]
[Site "St Petersburg RUS"]
[Date "2016.08.20"]
[Round "4.31"]
[White "Gnidenko, Andrey"]
[Black "Bezstrakhov, Dmitry"]
[Result "0-1"]
[WhiteElo "2204"]
[BlackElo "1981"]
[WhiteFideId "4199570"]
[BlackFideId "34183768"]
[EventDate "2016.08.17"]

1. d4 Nf6 2. c4 e6 3. Nc3 d5 4. Nf3 Be7 5. g3 O-O 6. Bg2 Nbd7 7. O-O dxc4 8. e4
c6 9. a4 a5 10. Qe2 b6 11. Re1 Ba6 12. d5 Nc5 13. d6 Bxd6 14. e5 Nd3 15. Rd1 Ng4
16. exd6 Ngxf2 17. Bg5 f6 18. Qxe6+ Kh8 19. Bf4 Nxd1 20. Rxd1 Re8 21. Qf7 b5 22.
Rd2 Qb6+ 23. Kf1 b4 24. d7 Rf8 25. Qh5 bxc3 26. Ng5 fxg5 27. Be4 g6 28. Bxg6 Rf7
29. Re2 Raf8 30. Bxf7 cxb2 31. Qxg5 b1=Q+ 32. Kg2 Q6g1+ 33. Kh3 Nxf4+ 34. Kh4
Ng2+ 35. Kh3 Qd4 36. Rd2 Nf4+ 37. gxf4 Qf1+ 38. Rg2 Qe3+ 0-1

[Event "St.Petersburg Summer Open"]
[Site "St Petersburg RUS"]
[Date "2016.08.20"]
[Round "4.32"]
[White "Grigoriev, Oleg"]
[Black "Fridman, Anatoly"]
[Result "1-0"]
[WhiteElo "2033"]
[BlackElo "2191"]
[WhiteFideId "24175528"]
[BlackFideId "24166952"]
[EventDate "2016.08.17"]

1. e4 e5 2. Nf3 Nc6 3. Bb5 a6 4. Ba4 Nf6 5. O-O d6 6. Qe2 b5 7. Bb3 Be7 8. c3
O-O 9. a4 b4 10. d4 Bg4 11. Rd1 Na5 12. Bc2 Qb8 13. cxb4 Qxb4 14. Bd2 Bxf3 15.
Qxf3 Qxb2 16. Na3 Nc6 17. Rab1 Qxd4 18. Be3 Qc3 19. Rd3 Qa5 20. Nc4 Qb4 21. Rxb4
Nxb4 22. Rd2 Rab8 23. h3 h6 24. Bb1 Nd7 25. Bxh6 Nc5 26. Qg4 Bf6 27. Ne3 Nc6 28.
Ba2 Ne7 29. Nd5 Nxd5 30. exd5 a5 31. Rc2 Rb4 32. Rc4 Rb2 33. Bxg7 Bxg7 34. Rxc5
Kh7 35. Qh5+ Kg8 36. Rc3 Rxa2 37. Rg3 Rb8 38. Qg5 Rb1+ 39. Kh2 Kf8 40. Qxg7+ Ke8 1-0